00358nam a22000977a 4500008004100000100003600041245010900077260001800186300003400204650002200238200324b ||||| |||| 00| 0 eng d aThe united republic of Tanzania a2002 Population and Housing Census volume ibDistrict Profile cThe United Republic of TanzaniahEnglish aDar es salaam axvi,195p.bIllustrationc29cm 2Analytical report